稚内駅から直線距離で一番近い駅【都道府県別】 - Statistics

General Stats
  • This quiz has been taken 85 times
  • The average score is 9 of 47
Answer Stats
Hint Answer 距離 % Correct
北海道 南稚内 2
97%
青森県 下北 461
46%
大阪府 島本 1277
35%
宮城県 気仙沼 724
34%
石川県 穴水 993
34%
群馬県 土合 981
31%
茨城県 大津港 956
30%
徳島県 鳴門 1386
28%
沖縄県 てだこ浦西 2467
27%
栃木県 豊原 938
25%
長野県 森宮野原 972
25%
静岡県 駿河小山 1141
25%
島根県 安来 1318
25%
愛媛県 川之江 1443
23%
東京都 見沼代親水公園 1080
21%
滋賀県 余呉 1192
21%
神奈川県 稲田堤 1103
20%
新潟県 府屋 788
20%
富山県 越中宮崎 999
20%
埼玉県 柳生 1038
18%
奈良県 高の原 1289
18%
福井県 牛ノ谷 1114
17%
山梨県 清里 1091
17%
岡山県 あわくら温泉 1295
17%
秋田県 陣場 565
15%
千葉県 十二橋 1060
15%
岐阜県 杉原 1069
15%
福岡県 関門海峡めかり 1566
15%
岩手県 角の浜 553
14%
福島県 貝田 840
14%
鳥取県 東浜 1253
13%
佐賀県 けやき台 1637
13%
山形県 女鹿 718
11%
兵庫県 竹野 1232
11%
宮崎県 市棚 1650
11%
京都府 網野 1220
10%
和歌山県 紀見峠 1333
10%
広島県 油木 1361
10%
愛知県 善師野 1183
8%
三重県 多度 1220
8%
高知県 土佐岩原 1454
8%
大分県 豊前長洲 1584
8%
山口県 江崎 1468
7%
香川県 塩屋 1388
7%
長崎県 今福 1864
6%
熊本県 滝水 1651
6%
鹿児島県 鶴丸 1761
6%
No matching quizzes found
Score Distribution
Percent of People with Each Score
Percentile by Number Answered
Your Score History
You have not taken this quiz